|
|
|
|
| LEADER |
00000nab a2200000 ar4500 |
| 001 |
vtls010867095 |
| 003 |
SK-MaSNL |
| 005 |
20260305040416.0 |
| 008 |
150907c2015 xo mr|p|||||||000 b|slo |
| 038 |
|
|
|a RVGKPD
|
| 040 |
|
|
|a RVGKPD
|b slo
|c RVGKPD
|e AACR2
|
| 041 |
|
|
|a slo
|
| 044 |
|
|
|a xo
|c SK
|
| 080 |
|
|
|a 718
|2 2008
|
| 100 |
1 |
|
|a Karika, Juraj
|4 aut
|9 1061308
|
| 245 |
1 |
0 |
|a Dobšinský cintorín prechádza obnovou
|c Juraj Karika
|
| 300 |
|
|
|b Fotogr.
|
| 650 |
0 |
7 |
|a cintoríny
|2 rvgkpd
|9 2946
|
| 650 |
0 |
7 |
|a rekonštrukcie
|2 rvgkpd
|9 24616
|
| 650 |
0 |
7 |
|a údržba cintorínov
|2 rvgkpd
|9 1620036
|
| 651 |
|
7 |
|a Gočovo (Slovensko)
|2 rvgkpd
|9 58511
|
| 651 |
|
7 |
|a Rožňava (Slovensko : okres)
|2 rvgkpd
|9 19215
|
| 773 |
0 |
|
|t Dobšinské noviny
|g Roč. IX, č. 67 (2015), s. 5
|
| 852 |
|
|
|a RVGKPD
|b KIS3G
|
| 992 |
|
|
|a RBX
|
| 999 |
|
|
|c 3338245
|d 3340175
|